000 00326nam a22001337a 4500
008 171101b xxu||||| |||| 00| 0 eng d
020 _a9780415288194
041 _aeng
080 _a339.9
100 _a59
101 _aGLO
245 _aPOWER AND GOVERNANCE IN A PARTIALLY GLOBALIZED WORLD
_cKEOHANE,R.O
942 _2udc
_cBK
999 _c37153
_d37153